<?xml version="1.0" encoding="UTF-8"?>
<record
    xmlns:xsi="http://www.w3.org/2001/XMLSchema-instance"
    xsi:schemaLocation="http://www.loc.gov/MARC21/slim http://www.loc.gov/standards/marcxml/schema/MARC21slim.xsd"
    xmlns="http://www.loc.gov/MARC21/slim">

  <leader>02336nam a2200349 i 4500</leader>
  <controlfield tag="001">000048406</controlfield>
  <controlfield tag="003">DO-SdBNP</controlfield>
  <controlfield tag="005">20250625142559.0</controlfield>
  <controlfield tag="007">ta</controlfield>
  <controlfield tag="008">190304t2014    dr            000 e spa d</controlfield>
  <datafield tag="020" ind1=" " ind2=" ">
    <subfield code="a">9789945586169</subfield>
  </datafield>
  <datafield tag="040" ind1=" " ind2=" ">
    <subfield code="a">DO-SdBNP</subfield>
    <subfield code="b">spa</subfield>
    <subfield code="c">BNPHU</subfield>
    <subfield code="e">rda</subfield>
  </datafield>
  <datafield tag="041" ind1=" " ind2=" ">
    <subfield code="a">spa</subfield>
  </datafield>
  <datafield tag="082" ind1=" " ind2="4">
    <subfield code="a">923.5 </subfield>
    <subfield code="b">C796m 2014</subfield>
    <subfield code="2">22</subfield>
  </datafield>
  <datafield tag="100" ind1=" " ind2=" ">
    <subfield code="a">Cordov&#xED; N&#xFA;&#xF1;ez, Yoel</subfield>
    <subfield code="e">autor</subfield>
    <subfield code="4">aut.</subfield>
    <subfield code="9">6654</subfield>
  </datafield>
  <datafield tag="245" ind1="1" ind2="0">
    <subfield code="a">M&#xE1;ximo G&#xF3;mez :</subfield>
    <subfield code="b">utop&#xED;a y realidad de una Rep&#xFA;blica /</subfield>
    <subfield code="c">Yoel Cordov&#xED; N&#xFA;&#xF1;ez ; cuidado de edici&#xF3;n, Yanelis Gonz&#xE1;lez Leyva ; correcci&#xF3;n, Carmen Romero Alem&#xE1;n</subfield>
  </datafield>
  <datafield tag="250" ind1=" " ind2=" ">
    <subfield code="a">Segunda edici&#xF3;n</subfield>
  </datafield>
  <datafield tag="264" ind1=" " ind2="4">
    <subfield code="a">Santo Domingo :</subfield>
    <subfield code="b">Archivo General de la Naci&#xF3;n</subfield>
    <subfield code="b">Editora Historia,</subfield>
    <subfield code="c">&#xA9;2014.</subfield>
  </datafield>
  <datafield tag="300" ind1=" " ind2=" ">
    <subfield code="a">317 p&#xE1;ginas ;</subfield>
    <subfield code="c">23 cm.</subfield>
  </datafield>
  <datafield tag="336" ind1=" " ind2=" ">
    <subfield code="a">texto</subfield>
    <subfield code="b">txt</subfield>
    <subfield code="2">rdacontent</subfield>
  </datafield>
  <datafield tag="337" ind1=" " ind2=" ">
    <subfield code="a">sin mediaci&#xF3;n</subfield>
    <subfield code="b">n</subfield>
    <subfield code="2">rdamedia</subfield>
  </datafield>
  <datafield tag="338" ind1=" " ind2=" ">
    <subfield code="a">volumen</subfield>
    <subfield code="b">nc</subfield>
    <subfield code="2">rdacarrier</subfield>
  </datafield>
  <datafield tag="490" ind1=" " ind2=" ">
    <subfield code="a">Colecci&#xF3;n Archivo General de la Naci&#xF3;n ;</subfield>
    <subfield code="v"> 225</subfield>
  </datafield>
  <datafield tag="500" ind1=" " ind2=" ">
    <subfield code="a">Incluye &#xED;ndice onom&#xE1;stico.</subfield>
  </datafield>
  <datafield tag="504" ind1=" " ind2=" ">
    <subfield code="a">Bibliograf&#xED;a : p&#xE1;ginas 285 - 294.</subfield>
  </datafield>
  <datafield tag="505" ind1=" " ind2=" ">
    <subfield code="a">Presentaci&#xF3;n a la edici&#xF3;n dominicana, 7.-- Introducci&#xF3;n, 9.-- Un hombre entre dos mundos, 13.-- Formaci&#xF3;n cultural, 13.-- La familia G&#xF3;mez B&#xE1;ez, 18.-- Segundo momento transicional, 23.-- Primeros descubrimientos, 30.-- La personalidad de M&#xE1;ximo G&#xF3;mez, 43.-- Principios &#xE9;ticos y humanismo, 52.-- La moral como fundamento del orden, 58.-- Antillanismo y justicia social, 63.-- Segunda etapa de descubrimientos, 73.-- Desde la emigraci&#xF3;n: reflexiones y aprendizaje, 73.-- Influencia del pensamiento martiano, 79.-- En el nuevo espacio latinoamericano, 90.-- Guayacanes: concepci&#xF3;n de un enclave econ&#xF3;mico-pol&#xED;tico, 96.-- Frente al imperio, 109.-- G&#xF3;mez y la pol&#xED;tica de Estados Unidos hacia Cuba, 109.-- &#xBF;Pasividad o cautela? En torno a una pol&#xE9;mica, 116.-- De la ocupaci&#xF3;n a la rep&#xFA;blica. G&#xF3;mez y los partidos pol&#xED;ticos, 139.-- Primer momento de definici&#xF3;n, 139.-- Segundo momento de definici&#xF3;n, 152.-- Tercer momento de definici&#xF3;n, 171.-- Conclusiones, 191.-- Ap&#xE9;ndice, 195.-- Bibliograf&#xED;a, 285.-- &#xCD;ndice onom&#xE1;stico, 295.</subfield>
  </datafield>
  <datafield tag="590" ind1=" " ind2=" ">
    <subfield code="a">Inventariado, 2024 / MF</subfield>
  </datafield>
  <datafield tag="600" ind1="1" ind2="4">
    <subfield code="a">G&#xF3;mez, M&#xE1;ximo,</subfield>
    <subfield code="d">1836-1905,</subfield>
    <subfield code="x">Vida militar</subfield>
    <subfield code="9">81639</subfield>
  </datafield>
  <datafield tag="700" ind1="1" ind2=" ">
    <subfield code="a">Gonz&#xE1;lez Leyva, Yanelis,</subfield>
    <subfield code="e">editor</subfield>
    <subfield code="4">ed.</subfield>
    <subfield code="9">81640</subfield>
  </datafield>
  <datafield tag="700" ind1="1" ind2=" ">
    <subfield code="a">Romero Alem&#xE1;n, Carmen,</subfield>
    <subfield code="e">corrector</subfield>
    <subfield code="4">corr.</subfield>
    <subfield code="9">81642</subfield>
  </datafield>
  <datafield tag="942" ind1=" " ind2=" ">
    <subfield code="2">ddc</subfield>
    <subfield code="c">LBS1</subfield>
  </datafield>
  <datafield tag="952" ind1=" " ind2=" ">
    <subfield code="0">0</subfield>
    <subfield code="1">0</subfield>
    <subfield code="2">ddc</subfield>
    <subfield code="5">1</subfield>
    <subfield code="7">0</subfield>
    <subfield code="8">PD</subfield>
    <subfield code="a">BNPHU</subfield>
    <subfield code="b">BNPHU</subfield>
    <subfield code="c">CT</subfield>
    <subfield code="d">2024-11-30</subfield>
    <subfield code="l">0</subfield>
    <subfield code="o">BNPHU PD 923.5  C796m 2014</subfield>
    <subfield code="p">2022-2199</subfield>
    <subfield code="r">2022-05-18</subfield>
    <subfield code="w">2022-05-18</subfield>
    <subfield code="y">LBS1</subfield>
  </datafield>
  <datafield tag="952" ind1=" " ind2=" ">
    <subfield code="0">0</subfield>
    <subfield code="1">0</subfield>
    <subfield code="2">ddc</subfield>
    <subfield code="5">1</subfield>
    <subfield code="7">0</subfield>
    <subfield code="8">PD</subfield>
    <subfield code="a">BNPHU</subfield>
    <subfield code="b">BNPHU</subfield>
    <subfield code="c">CT</subfield>
    <subfield code="d">2024-04-12</subfield>
    <subfield code="e">Donado por la Presidencia de la Rep&#xFA;blica Dominicana 2023.</subfield>
    <subfield code="l">0</subfield>
    <subfield code="o">BNPHU PD 923.5 C796m 2014</subfield>
    <subfield code="p">2024-2137</subfield>
    <subfield code="r">2024-04-12</subfield>
    <subfield code="t">e.2</subfield>
    <subfield code="w">2024-04-12</subfield>
    <subfield code="y">LBS1</subfield>
    <subfield code="z">Perteneci&#xF3; a la biblioteca personal de Emilio Cordero Michel.</subfield>
  </datafield>
  <datafield tag="952" ind1=" " ind2=" ">
    <subfield code="0">0</subfield>
    <subfield code="1">0</subfield>
    <subfield code="2">ddc</subfield>
    <subfield code="5">6</subfield>
    <subfield code="7">0</subfield>
    <subfield code="8">DS</subfield>
    <subfield code="a">BNPHU</subfield>
    <subfield code="b">BNPHU</subfield>
    <subfield code="c">CT</subfield>
    <subfield code="d">2025-06-25</subfield>
    <subfield code="e">Donaci&#xF3;n</subfield>
    <subfield code="l">0</subfield>
    <subfield code="o">BNPHU DS 923.5  C796m 2014</subfield>
    <subfield code="p">2025-5623</subfield>
    <subfield code="r">2025-06-25</subfield>
    <subfield code="t">e.3</subfield>
    <subfield code="w">2025-06-25</subfield>
    <subfield code="y">LBS1</subfield>
    <subfield code="z">Perteneci&#xF3; a la biblioteca personal de M&#xF3;nica Despradel.</subfield>
  </datafield>
  <datafield tag="999" ind1=" " ind2=" ">
    <subfield code="c">51757</subfield>
    <subfield code="d">51757</subfield>
  </datafield>
</record>
